[Event "Cidreira op"]
[Site "Cidreira"]
[Date "2025.05.02"]
[Round "3"]
[White "Gauche, Charles"]
[Black "Paranhos, Robinson"]
[Result "1-0"]
[WhiteElo "2112"]
[BlackElo "1790"]
[PlyCount "51"]
[EventDate "2025.05.01"]
[EventType "swiss"]
[EventRounds "7"]
[EventCountry "BRA"]
[SourceTitle "CB19_2025"]
[SourceDate "2025.05.07"]
[SourceVersion "1"]
[SourceVersionDate "2025.05.07"]
[SourceQuality "1"]

1. e4 c6 2. d4 d5 3. e5 Bf5 4. Nc3 e6 5. g4 Bg6 6. Nge2 Bb4 7. h4 Be4 8. Rh3 h5 9. Ng3 c5 10. Bd2 Nc6 11. Ncxe4 dxe4 12. Bxb4 cxb4 13. c3 bxc3 14. bxc3 Qa5 15. Nxe4 hxg4 16. Nd6+ Kf8 17. Qxg4 Nxe5 18. Qf4 f6 19. dxe5 g5 20. Qb4 Qxb4 21. cxb4 Rxh4 22. Rxh4 gxh4 23. f4 b6 24. Bg2 Rd8 25. Kf2 fxe5 26. fxe5 1-0

[Event "Timbo U2400 op"]
[Site "Timbo"]
[Date "2025.02.16"]
[Round "5"]
[White "Gauche, Charles"]
[Black "Boeck, Moacir Luis"]
[Result "1-0"]
[WhiteElo "2126"]
[BlackElo "1900"]
[PlyCount "129"]
[EventDate "2025.02.14"]
[EventType "swiss"]
[EventRounds "6"]
[EventCountry "BRA"]
[SourceTitle "CB10_2025"]
[SourceDate "2025.03.05"]
[SourceVersion "1"]
[SourceVersionDate "2025.03.05"]
[SourceQuality "1"]

1. e4 c5 2. Nf3 d6 3. c3 Nf6 4. Be2 g6 5. 0-0 Bg7 6. Re1 0-0 7. Bf1 b6 8. d4 Bb7 9. d5 e5 10. dxe6 fxe6 11. e5 dxe5 12. Qxd8 Rxd8 13. Nxe5 Nbd7 14. Nxd7 Rxd7 15. Bb5 Re7 16. Bg5 h6 17. Bh4 g5 18. Bg3 Rd8 19. Be5 Kf7 20. a4 Nd5 21. Bxg7 Kxg7 22. Na3 Nc7 23. Rad1 Rxd1 24. Rxd1 a6 25. Be2 Bc6 26. Rd6 Bxa4 27. Rxb6 Rd7 28. Rb7 Kf6 29. Kf1 Ke7 30. Kg1 Kd8 31. Rb8+ Ke7 32. Nc4 Bb5 33. g3 Bxc4 34. Bxc4 Rd6 35. Kg2 Rd2 36. Kf3 Rd6 37. Ke2 Kd7 38. Bd3 Ke7 39. Bc2 Nd5 40. Rb7+ Rd7 41. Rb3 Rd6 42. Be4 Kd7 43. Ra3 Rb6 44. Ra2 Kd6 45. Kd3 Nf6 46. Bf3 Nd5 47. Kc4 Rc6 48. Ra5 Nb6+ 49. Kd3 Nd5 50. b3 Rb6 51. Kc2 Nc7 52. Be2 Nb5 53. Ra4 Nc7 54. h4 Rb8 55. hxg5 hxg5 56. Bxa6 Nxa6 57. Rxa6+ Kd5 58. c4+ Ke5 59. Rc6 Rf8 60. Rxc5+ Kd4 61. Rxg5 Rxf2+ 62. Kd1 Rb2 63. Rb5 Rg2 64. c5 Rxg3 65. c6 1-0

[Event "Timbo U2400 op"]
[Site "Timbo"]
[Date "2025.02.15"]
[Round "4"]
[White "De Oliveira, Matheus Tavares"]
[Black "Gauche, Charles"]
[Result "0-1"]
[WhiteElo "1762"]
[BlackElo "2126"]
[PlyCount "56"]
[EventDate "2025.02.14"]
[EventType "swiss"]
[EventRounds "6"]
[EventCountry "BRA"]
[SourceTitle "CB10_2025"]
[SourceDate "2025.03.05"]
[SourceVersion "1"]
[SourceVersionDate "2025.03.05"]
[SourceQuality "1"]

1. d4 d5 2. c4 e5 3. dxe5 d4 4. a3 Nc6 5. Nf3 Bg4 6. Bg5 Qd7 7. Nbd2 h6 8. Bh4 g5 9. Bg3 Bg7 10. h4 0-0-0 11. hxg5 hxg5 12. Rxh8 Bxh8 13. Nxg5 Nxe5 14. Ndf3 d3 15. exd3 Qf5 16. Bxe5 Bxe5 17. Be2 Bxb2 18. Rb1 Qa5+ 19. Kf1 Qxa3 20. Nxf7 Re8 21. d4 Bf5 22. N3e5 Bxb1 23. Qxb1 Qa1 24. Qxa1 Bxa1 25. g4 Bxd4 26. g5 a5 27. Nd3 Bc3 28. Nfe5 b6 0-1

[Event "Florianopolis op 11th"]
[Site "Florianopolis"]
[Date "2025.01.18"]
[Round "1"]
[White "Gauche, Charles"]
[Black "Barone, Fabricio Leto"]
[Result "1-0"]
[WhiteElo "2139"]
[BlackElo "1637"]
[PlyCount "69"]
[EventDate "2025.01.18"]
[EventType "swiss"]
[EventRounds "10"]
[EventCountry "BRA"]
[SourceTitle "CB05_2025"]
[SourceDate "2025.01.29"]
[SourceVersion "1"]
[SourceVersionDate "2025.01.29"]
[SourceQuality "1"]

1. e4 c6 2. d4 d5 3. e5 Bf5 4. Nc3 e6 5. g4 Bg6 6. Nge2 Bb4 7. h4 h6 8. Nf4 Bxc3+ 9. bxc3 Bh7 10. Nh5 g6 11. Ng3 Nd7 12. Ba3 Qa5 13. Bb4 Qc7 14. Bd6 Qa5 15. Qd2 Nb6 16. g5 Nc4 17. Bxc4 dxc4 18. Ne4 Qd5 19. Qf4 Rd8 20. f3 h5 21. 0-0 Rd7 22. Bb4 b6 23. Nd6+ Kd8 24. Nxf7+ Rxf7 25. Qxf7 Qd7 26. Qf8+ Kc7 27. Bd6+ Kb7 28. a4 Ka6 29. Rfb1 Qb7 30. Rb4 Ka5 31. Rab1 a6 32. Rxb6 Qxb6 33. Rxb6 Kxb6 34. Qb8+ Ka5 35. Qb4# 1-0

[Event "Rio de Janeiro Duchamp op 5th"]
[Site "Rio de Janeiro"]
[Date "2024.12.08"]
[Round "9"]
[White "De Albuquerque, Ian Telek Cavalcant"]
[Black "Gauche, Charles"]
[Result "1-0"]
[WhiteElo "2077"]
[BlackElo "2155"]
[PlyCount "105"]
[EventDate "2024.12.02"]
[EventType "swiss"]
[EventRounds "9"]
[EventCountry "BRA"]
[SourceTitle "CB50_2024"]
[SourceDate "2024.11.01"]
[SourceVersion "1"]
[SourceVersionDate "2024.11.01"]
[SourceQuality "2"]

1. e4 e5 2. Nf3 Nc6 3. Bb5 a6 4. Ba4 Nf6 5. 0-0 b5 6. Bb3 Be7 7. Re1 d6 8. c3 0-0 9. d4 Bg4 10. Be3 exd4 11. cxd4 Na5 12. Bc2 c5 13. h3 cxd4 14. Bxd4 Bh5 15. Nc3 Nc6 16. Be3 Ne5 17. Bd4 Nxf3+ 18. gxf3 b4 19. Na4 Nd7 20. Qd2 Ne5 21. Bd1 Nxf3+ 22. Bxf3 Bxf3 23. Nb6 Rb8 24. Qd3 Bh5 25. Nd5 Bh4 26. Kh2 Rb5 27. Rg1 Bg6 28. Qf3 f5 29. Qb3 Kh8 30. Nf4 Bf6 31. Ne6 Qe7 32. Nxf8 Qxf8 33. Bxf6 Qxf6 34. Rac1 Rb8 35. exf5 Bxf5 36. Rc7 Be4 37. Qf7 Qe5+ 38. Rg3 Bg6 39. Qe7 Qxb2 40. Rb7 Qe5 41. Rxb4 Rd8 42. Rb6 Bd3 43. Qf7 h6 44. Qe7 Bc4 45. Rxa6 Bxa2 46. Ra7 Bb1 47. Qxe5 Rg8 48. Rgxg7 Rf8 49. Kg3 Rf6 50. Qa5 Rg6+ 51. Kf4 Rxg7 52. Qe5 Kh7 53. Qd4 1-0

[Event "Rio de Janeiro Duchamp op 5th"]
[Site "Rio de Janeiro"]
[Date "2024.12.07"]
[Round "8"]
[White "Gauche, Charles"]
[Black "Meza, Anahi Silvina"]
[Result "1-0"]
[WhiteElo "2155"]
[BlackElo "2040"]
[PlyCount "57"]
[EventDate "2024.12.02"]
[EventType "swiss"]
[EventRounds "9"]
[EventCountry "BRA"]
[SourceTitle "CB50_2024"]
[SourceDate "2024.11.01"]
[SourceVersion "1"]
[SourceVersionDate "2024.11.01"]
[SourceQuality "2"]

1. e4 c5 2. Nf3 e6 3. d4 cxd4 4. Nxd4 a6 5. Bd3 Bc5 6. Nb3 Be7 7. c4 Qc7 8. 0-0 Nf6 9. Nc3 d6 10. f4 Nbd7 11. Qe2 0-0 12. Bd2 b6 13. Rae1 g6 14. Rf3 Bb7 15. Rh3 Rfe8 16. e5 Nh5 17. Rxh5 gxh5 18. Bxh7+ Kxh7 19. Qxh5+ Kg8 20. Qg4+ Kf8 21. f5 Bf6 22. exf6 Nxf6 23. Qh4 Ng8 24. f6 Rec8 25. Qh8 Qxc4 26. Bh6+ Ke8 27. Qxg8+ Kd7 28. Qxf7+ Kc6 29. Rc1 1-0

[Event "Rio de Janeiro Duchamp op 5th"]
[Site "Rio de Janeiro"]
[Date "2024.12.03"]
[Round "3"]
[White "Pessoa, Marcio de Souza"]
[Black "Gauche, Charles"]
[Result "1/2-1/2"]
[WhiteElo "1893"]
[BlackElo "2155"]
[PlyCount "160"]
[EventDate "2024.12.02"]
[EventType "swiss"]
[EventRounds "9"]
[EventCountry "BRA"]
[SourceTitle "CB50_2024"]
[SourceDate "2024.11.01"]
[SourceVersion "1"]
[SourceVersionDate "2024.11.01"]
[SourceQuality "2"]

1. d4 d5 2. Bf4 c6 3. Nf3 Nf6 4. c3 Bf5 5. Nbd2 h6 6. h3 e6 7. e3 Bd6 8. Bxd6 Qxd6 9. Ne5 Nbd7 10. Ndf3 Ne4 11. Be2 0-0 12. 0-0 f6 13. Nxd7 Qxd7 14. Nd2 Rae8 15. Nxe4 Bxe4 16. Bd3 f5 17. f3 Bxd3 18. Qxd3 e5 19. dxe5 Rxe5 20. Rfe1 Rfe8 21. Re2 Qe7 22. Rae1 Kh8 23. b4 a6 24. Qd4 Qf6 25. f4 Re4 26. Qxf6 gxf6 27. Kf2 h5 28. h4 Kg7 29. Rd2 Kf7 30. a4 Ke6 31. Rd3 a5 32. Rd4 Kd6 33. bxa5 Rxd4 34. cxd4 Ra8 35. Rb1 Kc7 36. Ke2 Rxa5 37. Rb4 b6 38. Kd3 Ra8 39. Ke2 Kb7 40. Kd3 Ra5 41. Ke2 b5 42. axb5 cxb5 43. Rb2 Kb6 44. Kd2 Ra4 45. Rc2 Rc4 46. Ra2 Rc8 47. Rb2 Rg8 48. Kd3 Rc8 49. Rb1 Rc4 50. Ra1 b4 51. Ra8 Rc3+ 52. Kd2 Rc6 53. Rb8+ Ka5 54. Rd8 b3 55. Rxd5+ Kb4 56. Rd8 Ka3 57. Ra8+ Kb2 58. g3 Rc2+ 59. Kd3 Rg2 60. d5 Rxg3 61. d6 Rg1 62. Kc4 Rd1 63. Rb8 Rxd6 64. Rxb3+ Kc2 65. Rb5 Kd2 66. Rxf5 Kxe3 67. Rxh5 Kxf4 68. Rh8 f5 69. Kc5 Rd7 70. Kc6 Rg7 71. Kd5 Kg4 72. h5 Kg5 73. h6 Re7 74. Kd6 Ra7 75. h7 Kg6 76. Rg8+ Kxh7 77. Rg1 Ra5 78. Ke6 Kh6 79. Kf6 Kh5 80. Rg5+ Kh4 1/2-1/2

[Event "Manaus op"]
[Site "Manaus"]
[Date "2024.10.14"]
[Round "6"]
[White "Cubas, Jose Fernando"]
[Black "Gauche, Charles"]
[Result "1-0"]
[WhiteElo "2412"]
[BlackElo "2168"]
[PlyCount "49"]
[EventDate "2024.10.11"]
[EventType "swiss"]
[EventRounds "9"]
[EventCountry "BRA"]
[SourceTitle "CB43_2024"]
[Source "Chessbase"]
[SourceDate "2024.10.23"]
[SourceVersion "1"]
[SourceVersionDate "2024.10.23"]
[SourceQuality "1"]

1. e4 e5 2. Nf3 Nc6 3. Bb5 a6 4. Ba4 Nf6 5. d4 Nxe4 6. Qe2 Nd6 7. dxe5 Nb5 8. c3 Be7 9. 0-0 d6 10. c4 Nba7 11. Rd1 0-0 12. Nc3 Re8 13. Bc2 Be6 14. Bf4 Qc8 15. exd6 cxd6 16. Bxd6 Nb4 17. Bb3 Bxd6 18. Rxd6 Bg4 19. Qd1 Qf5 20. a3 Nbc6 21. Bc2 Qh5 22. Be4 Ne5 23. Qd5 Nc8 24. Rd8 Nb6 25. Rxa8 1-0

[Event "Pan American-ch U2300"]
[Site "Balneario Camboriu"]
[Date "2024.09.27"]
[Round "5"]
[White "Velloso, Benedito"]
[Black "Gauche, Charles"]
[Result "0-1"]
[WhiteElo "1996"]
[BlackElo "2168"]
[PlyCount "120"]
[EventDate "2024.09.24"]
[EventType "swiss"]
[EventRounds "9"]
[EventCountry "BRA"]
[SourceTitle "EXT 2025"]
[Source "ChessBase"]
[SourceDate "2024.10.14"]
[SourceVersion "1"]
[SourceVersionDate "2024.10.14"]
[SourceQuality "1"]

1. Nf3 d5 2. b3 c5 3. Bb2 Nc6 4. e3 f6 5. d4 Bg4 6. Be2 cxd4 7. exd4 e6 8. 0-0 Bd6 9. h3 Bh5 10. Re1 Nge7 11. c4 0-0 12. Nc3 Bf7 13. Qd2 Rc8 14. Rad1 dxc4 15. bxc4 Na5 16. c5 Bb8 17. Qc1 Qd7 18. Bb5 Nac6 19. Re2 Nd5 20. Nxd5 exd5 21. Rde1 Bh5 22. Qc3 Qc7 23. g4 Bg6 24. Bxc6 bxc6 25. Re7 Qd8 26. Nh4 Be4 27. R1xe4 dxe4 28. Nf5 Rc7 29. Rxe4 Rd7 30. Qe3 Kh8 31. Re6 Rb7 32. Qe2 Bf4 33. Bc3 Rb1+ 34. Kg2 Qd5+ 35. f3 Rbb8 36. Ne7 Qd7 37. Rxc6 Be5 38. dxe5 Qxe7 39. Qe4 Rfc8 40. exf6 Qxe4 41. fxg7+ Kg8 42. Rxc8+ Rxc8 43. fxe4 Rxc5 44. Bf6 Rc2+ 45. Kf3 Rxa2 46. e5 Rd2 47. g5 Rd1 48. Ke4 a5 49. e6 a4 50. Bd4 Re1+ 51. Kd5 a3 52. Kd6 a2 53. e7 Kf7 54. Bf6 Re6+ 55. Kd7 Rxe7+ 56. Kd8 Re1 57. h4 a1Q 58. Bxa1 Rxa1 59. g8Q+ Kxg8 60. Ke7 Rh1 0-1

[Event "Pan American-ch U2300"]
[Site "Balneario Camboriu"]
[Date "2024.09.25"]
[Round "2"]
[White "Gauche, Charles"]
[Black "Hernandez Ojeda, Garry Anatholy"]
[Result "0-1"]
[WhiteElo "2168"]
[BlackElo "2046"]
[PlyCount "90"]
[EventDate "2024.09.24"]
[EventType "swiss"]
[EventRounds "9"]
[EventCountry "BRA"]
[SourceTitle "EXT 2025"]
[Source "ChessBase"]
[SourceDate "2024.10.14"]
[SourceVersion "1"]
[SourceVersionDate "2024.10.14"]
[SourceQuality "1"]

1. c4 Nf6 2. Nc3 g6 3. e4 d6 4. d4 Bg7 5. Be2 0-0 6. Bg5 c5 7. d5 e6 8. Qd2 exd5 9. exd5 Re8 10. Nf3 a6 11. a4 Qa5 12. 0-0 Bg4 13. h3 Bxf3 14. Bxf3 Nbd7 15. Qf4 Re5 16. Qd2 Nb6 17. Be2 Rae8 18. Bd3 Qb4 19. Bf4 Nxc4 20. Bxc4 Qxc4 21. Bxe5 Rxe5 22. Rfd1 h5 23. Re1 Nd7 24. Rac1 Qb4 25. Qc2 b5 26. axb5 axb5 27. Rxe5 Bxe5 28. Qe2 Qf4 29. Qe3 Qh2+ 30. Kf1 Qh1+ 31. Ke2 Qxg2 32. Nxb5 Qxd5 33. Rd1 Qc6 34. Nc3 Nf6 35. Qd3 Kg7 36. b3 h4 37. Qc4 Nh5 38. Nd5 Qa8 39. Rd3 Qa2+ 40. Kf1 Bd4 41. Rf3 Qb1+ 42. Ke2 Qe4+ 43. Ne3 Nf4+ 44. Rxf4 Qxf4 45. Ng4 f5 0-1

[Event "Florianopolis Winter op 8th"]
[Site "Florianopolis"]
[Date "2024.07.14"]
[Round "9"]
[White "Gauche, Charles"]
[Black "Piccoli, Lucas Fonseca"]
[Result "0-1"]
[WhiteElo "2153"]
[BlackElo "2242"]
[PlyCount "106"]
[EventDate "2024.07.09"]
[EventType "swiss"]
[EventRounds "9"]
[EventCountry "BRA"]
[SourceTitle "CBM 221 Extra"]
[Source "ChessBase"]
[SourceDate "2024.09.30"]
[SourceVersion "1"]
[SourceVersionDate "2024.09.30"]
[SourceQuality "1"]

1. Nf3 Nf6 2. c4 e6 3. g3 b6 4. Bg2 Bb7 5. 0-0 c5 6. d3 Be7 7. b3 0-0 8. Bb2 d6 9. e3 Nc6 10. Qe2 a6 11. Nbd2 b5 12. Rfd1 Rb8 13. h4 d5 14. Nf1 Qb6 15. Rd2 a5 16. Rc1 Ba6 17. Ne5 Nxe5 18. Bxe5 Rbd8 19. Rdc2 Nd7 20. Ba1 bxc4 21. bxc4 d4 22. e4 e5 23. Bh3 Nb8 24. Nd2 Nc6 25. Rf1 a4 26. Nb1 Rb8 27. Na3 Nb4 28. Rd2 Qh6 29. Bd7 Rb6 30. Bf5 Bxh4 31. gxh4 Qxh4 32. f4 Rh6 33. Qf3 exf4 34. Rg2 g6 35. Bb2 Kh8 36. Bd7 Rd8 37. Bg4 Bb7 38. Bc1 g5 39. Bd2 Bc8 40. Bxc8 Rxc8 41. Be1 g4 42. Qxg4 Qh1+ 43. Kf2 Nxd3+ 44. Ke2 f3+ 45. Qxf3 Nf4+ 46. Qxf4 Qxg2+ 47. Kd1 Re6 48. Bh4 Rxe4 49. Bf6+ Kg8 50. Qf5 Qe2+ 51. Kc1 Qe3+ 52. Kb1 Qd3+ 53. Nc2 Re1+ 0-1

[Event "Florianopolis Winter op 8th"]
[Site "Florianopolis"]
[Date "2024.07.12"]
[Round "6"]
[White "Gauche, Charles"]
[Black "Luiz, Caio Cesar Malassis"]
[Result "1-0"]
[WhiteElo "2153"]
[BlackElo "1879"]
[PlyCount "69"]
[EventDate "2024.07.09"]
[EventType "swiss"]
[EventRounds "9"]
[EventCountry "BRA"]
[SourceTitle "CBM 221 Extra"]
[Source "ChessBase"]
[SourceDate "2024.09.30"]
[SourceVersion "1"]
[SourceVersionDate "2024.09.30"]
[SourceQuality "1"]

1. e4 Nf6 2. e5 Nd5 3. d4 d6 4. Nf3 dxe5 5. Nxe5 c6 6. c4 Nb4 7. Be3 Bf5 8. Na3 e6 9. Be2 Be7 10. 0-0 0-0 11. Qb3 Nd7 12. f4 a5 13. c5 Be4 14. Nac4 Nf6 15. Rac1 Nbd5 16. Bd2 Qc7 17. Qa4 b5 18. cxb6 Nxb6 19. Nxb6 Qxb6 20. Bc3 c5 21. Kh1 cxd4 22. Bxd4 Qb4 23. Qd1 Rfd8 24. Rc4 Qb7 25. Bf3 Qd5 26. Qe2 Bxf3 27. Qxf3 Ne4 28. Rfc1 f6 29. Nc6 Rd7 30. Bg1 Nd2 31. Qxd5 exd5 32. Rd4 Ne4 33. Rxd5 Rb7 34. Re1 f5 35. Rxf5 1-0

[Event "Florianopolis op"]
[Site "Florianopolis"]
[Date "2024.05.18"]
[Round "4"]
[White "Gauche, Charles"]
[Black "Boeck, Moacir Luis"]
[Result "1-0"]
[WhiteElo "2178"]
[BlackElo "1916"]
[PlyCount "41"]
[EventDate "2024.05.16"]
[EventType "swiss"]
[EventRounds "6"]
[EventCountry "BRA"]
[SourceTitle "EXT 2025"]
[Source "ChessBase"]
[SourceDate "2024.10.14"]
[SourceVersion "1"]
[SourceVersionDate "2024.10.14"]
[SourceQuality "1"]

1. e4 c5 2. Nf3 d6 3. d4 cxd4 4. Nxd4 Nf6 5. Nc3 a6 6. Bg5 e6 7. f4 Be7 8. Qf3 Qc7 9. 0-0-0 Nbd7 10. g4 b5 11. Bxf6 Nxf6 12. g5 Nd7 13. f5 Bxg5+ 14. Kb1 Nc5 15. Qh5 Bf6 16. fxe6 0-0 17. Nd5 Qd8 18. Bh3 g6 19. Qe2 Na4 20. Rhf1 Bg5 21. e7 1-0

[Event "Florianopolis op"]
[Site "Florianopolis"]
[Date "2024.05.18"]
[Round "3"]
[White "Gazola, Vanessa Ramos"]
[Black "Gauche, Charles"]
[Result "1-0"]
[WhiteElo "1943"]
[BlackElo "2178"]
[PlyCount "77"]
[EventDate "2024.05.16"]
[EventType "swiss"]
[EventRounds "6"]
[EventCountry "BRA"]
[SourceTitle "EXT 2025"]
[Source "ChessBase"]
[SourceDate "2024.10.14"]
[SourceVersion "1"]
[SourceVersionDate "2024.10.14"]
[SourceQuality "1"]

1. d4 d5 2. c4 c6 3. Nf3 e6 4. e3 f5 5. g3 Nd7 6. b3 Qf6 7. Bb2 Bd6 8. Nbd2 Ne7 9. Bg2 0-0 10. 0-0 g5 11. Qc2 Ng6 12. Ne1 g4 13. Nd3 Qg5 14. Nf4 Nf6 15. Rfe1 Ne4 16. a3 Bd7 17. Rac1 Rf6 18. Nf1 h5 19. b4 h4 20. b5 Qh6 21. Qb3 Ne7 22. a4 Kf7 23. cxd5 cxd5 24. Ba3 Bb8 25. Qb4 Qf8 26. Rc2 Qd8 27. Nd3 Ng6 28. Rec1 Nd6 29. Ne5+ Kg7 30. Nxd7 Qxd7 31. Nd2 Rf7 32. Bf1 Ne8 33. Nb3 Bd6 34. Nc5 Qe7 35. b6 a6 36. Qb3 Rd8 37. Bb2 hxg3 38. fxg3 Qg5 39. Nxe6+ 1-0

[Event "Florianopolis op 10th"]
[Site "Florianopolis"]
[Date "2024.01.28"]
[Round "10"]
[White "Gauche, Charles"]
[Black "Costa, Flavio Luis Cesar"]
[Result "1-0"]
[WhiteElo "2182"]
[BlackElo "1994"]
[PlyCount "81"]
[EventDate "2024.01.20"]
[EventType "swiss"]
[EventRounds "10"]
[EventCountry "BRA"]
[SourceTitle "EXT 2025"]
[Source "ChessBase"]
[SourceDate "2024.10.14"]
[SourceVersion "1"]
[SourceVersionDate "2024.10.14"]
[SourceQuality "1"]

1. e4 c6 2. d4 d5 3. e5 Bf5 4. Nc3 e6 5. g4 Bg6 6. Nge2 c5 7. h4 h5 8. Nf4 Bh7 9. Nxh5 Nc6 10. Bb5 cxd4 11. Qxd4 Nge7 12. Bg5 a6 13. Bxe7 axb5 14. Bxd8 Nxd4 15. 0-0-0 Bc5 16. Bg5 b4 17. Nb1 Bxc2 18. Rxd4 Bxb1 19. Rf4 Rxh5 20. Kxb1 Rh8 21. h5 b6 22. Rh3 Ra7 23. Rhf3 Rd7 24. a3 bxa3 25. b4 Be7 26. Bxe7 Kxe7 27. Rxf7+ Kd8 28. Rxd7+ Kxd7 29. Rxa3 Kc6 30. Ra7 d4 31. Rxg7 Kd5 32. Rf7 Ke4 33. Kc2 Rc8+ 34. Kd2 Ra8 35. f3+ Kxe5 36. h6 Ra2+ 37. Kd3 Ra3+ 38. Kc4 Rc3+ 39. Kb5 Rc1 40. h7 Rh1 41. Kc4 1-0